000 00504nam a2200181Ia 4500
999 _c21755
_d21755
003 OSt
005 20200630124932.0
008 190216s9999||||xx |||||||||||||| ||und||
020 _a8177554417
040 _coclc
082 _a954.01
_bMAL/I
100 _aMalleson, G B
_93354
245 0 _aIndian Rulers:
_bDupleix /
_cG B Malleson
260 _bCosmo Publications,
_c2014.
_aNew Delhi:
300 _a188p
650 _aHistory
942 _cBK
_2ddc
_h954.01
_iMAL/I
_k954.01
_mMAL/I